000 00768nam a2200217Ia 4500
008 130821s1974 sp gr spa
040 _aCo-BoUCM
_bspa
041 _aspa
100 1 _aDoehaerd, Renée
_9156047
245 1 0 _aOccidente durante la alta edad media economías y sociedades
_cRenée Doehaerd.
260 _aBarcelona (España)
_bLabor
_c1974
300 _a333 páginas
490 0 _aNueva Clío.
_v14
_aLa historia y sus problemas
650 0 4 _aEdad Media
_913756
650 0 4 _aHistoria de Europa
_926509
651 4 _aEuropa
_xHistoria
_926957
700 1 _aIbáñez, Ma. Angeles
_etrad.
_9156048
765 _tLe haut moyen age occidental : économies et sociétés
942 _cLIBRO
_a21
_e1
_mD63o
_2DEWEY
_h940
999 _c16114
_d16114